LEADER 01271nam 2200349Ia 450 001 996390635603316 005 20200824132039.0 035 $a(CKB)4940000000098402 035 $a(EEBO)2248504351 035 $a(OCoLC)ocm9619300e 035 $a(OCoLC)9619300 035 $a(EXLCZ)994940000000098402 100 $a19830617d1657 uy | 101 0 $aeng 135 $aurbn||||a|bb| 200 12$aA treatise of the right institution, administration, and receiving of the sacrament of the Lords-Supper$b[electronic resource] $edelivered in XX sermons at St. Laurence-Jury, London /$fby Richard Vines 210 $aLondon $cPrinted by A.M. for Thomas Underhill$d1657 215 $a[8], 376, [4] p 300 $aReproduction of original in the Union Theological Seminary Library, New York. 330 $aeebo-0160 606 $aLord's Supper$vSermons 606 $aSermons, English$y17th century 615 0$aLord's Supper 615 0$aSermons, English 700 $aVines$b Richard$f1600?-1656.$01001686 801 0$bUMI 801 1$bUMI 801 2$bWaOLN 906 $aBOOK 912 $a996390635603316 996 $aA treatise of the right institution, administration, and receiving of the sacrament of the Lords-Supper$92385192 997 $aUNISA LEADER 01206nam a2200253 i 4500 001 991001684129707536 005 20020507150523.0 008 000330s1985 it 000 0 ita 035 $ab11549051-39ule_inst 035 $aLE02723173$9ExL 040 $aDip.to Studi Giuridici$bita 084 $a343.068 100 1 $aVinci, Calogero$0107166 245 12$aL'agricoltura e il fisco :$bl'impresa agricola nell'imposizione diretta e indiretta, agevolazioni fiscali :$braccolta di casi pratici sulla vigente normativa /$cCalogero Vinci, Mario Gagliardi 250 $a2. ed. aggiornata con la normativa emanata a tutto il 31 dicembre 1984 e con il decreto-legge 19 dicembre 1984, n. 853, Pacchetto fiscale Visentini 260 $aRoma :$bC. Vinci e M. Gagliardi,$c1985 300 $a159 p. ;$c24 cm. 700 1 $aGagliardi, Mario$eauthor$4http://id.loc.gov/vocabulary/relators/aut$0107167 907 $a.b11549051$b27-05-09$c02-07-02 912 $a991001684129707536 945 $aLE027 343.06 CAL01.01$g1$i2027000198368$lle027$o-$pE0.00$q-$rl$s- $t0$u0$v0$w0$x0$y.i11748436$z02-07-02 996 $aAgricoltura e il fisco$91451867 997 $aUNISALENTO 998 $ale027$b01-01-00$cm$da $e-$fita$git $h2$i1